| 000 | 01264cam a22001934a 4500 | ||
|---|---|---|---|
| 005 | 20250605164007.0 | ||
| 008 | 250528s ||||||||||||||||||||||||d | ||
| 035 | _a15846 | ||
| 020 | _a132097680 | ||
| 040 |
_aGR-AtMCL _bgre _dGR-AtMCL _eAACR2 |
||
| 245 | 1 | _aIntroduction to Artificial Intelligence and Expert Systems | |
| 260 |
_bPrentice Hall, _c1990 |
||
| 300 | _a450 | ||
| 520 | _aThis book explores the underpinnings of knowledge and explains the role it plays in the development of effective artificial intelligence programs. Preface, Introduction to Artificial Intelligence, Overview of Artificial Intelligence, Knowledge: General Concepts, Knowledge Representation, Formalized Symbolic Logics, Dealing with Inconsistencies and Uncertainties, Probabilistic Reasoning, Object-Oriented Representations, Knowledge Organization and Manipulation, Search and Control Strategies, Matching Techniques, Perception and Communication and Expert Systems, Natural Language Processing, Pattern Recognition, Visual Image Understanding, Expert Systems Architectures, Knowledge Acquisition, Learning by Induction, Analogical and Explanation-Based Learning, References, Index. | ||
| 700 | 1 |
_aPatterson W. Dan _91861 |
|
| 942 | _cBK | ||
| 999 |
_c1396 _d1396 |
||